000 00996nam a22002057a 4500
999 _c10222
_d10222
003 AR-CdUCM
008 190329b ||||| |||| 00| 0 spa d
040 _aMUNICIPALIDAD PROVINCIAL DEL CUSCO
_cBIBLIOTECA MUNICIPAL DEL CUSCO
082 _a343.6 /
_bN94 / t.1 / 1945
100 _aNúñez Borja, Humberto,
_911827
245 _aLecciones de ciencia de la administración y derecho administrativo peruano /
260 _aArequipa :
_bLa colmena,
_c1945.
300 _a354 paginas ;
_c28 cm.
505 _aContenido : Importancias del curso, dificultades para su estudio -- Significado de la palabra administración, sus acepciones, función administrativa -- Terrenos de montaña. explotación de los bosques, antecedentes históricos, industria maderera -- Policía, función de la policía Pregorrativas de la administración publica...
650 _aAdministracion publica
_926944
650 _aDerecho
_9739
650 _aEstado y derecho
_98242
942 _2ddc
_cLIBROS
945 _awnts